LDR 01481nam a2200301 4500 001 000000367464 003 CaOOAMICUS 005 20260430145020.0 008 260427s2025 it a 000 u ita r 020 $a978-88-7962-459-6 040 $aSeMil$bita 100 1 $aRecchi, Davide,$d<1997- >.$0(OLS)http://semarc/name/124250 245 10$aSanti in camicia nera :$bil Medioevo francescano nella propaganda fascista /$cDavide Recchi ; [con una prefazione di Francesca Roversi Monaco e una postfazione di Pietro Delcorno]. 264 1$aMilano :$bBiblioteca francescana,$c2025. 300 $a287 p., [10] p. di tav. :$bill. ;$c21 cm 490 1 $aTau ;$v34 650 4$aFascismo - Propaganda - Concezione dell'agiografia francescana.$0(OLS)http://semarc/subject/60135 700 1 $aRoversi Monaco, Francesca,$d<1968- >.$0(OLS)http://semarc/name/124251 700 1 $aDelcorno, Pietro,$d<1977- >.$0(OLS)http://semarc/name/94897 830 0$aTau ;$v34.$0(OLS)http://semarc/title/12989 850 $aSeMil 852 $aSeMil$W1$xVenegono$y1$m3V II 450$j271230$B258160$CSeMilBibl$Z2$F258160 $81 941 1 $a7 961 $aOmaggio mons. Mario Delpini 996 $6020$a978-88-7962-459-6$9(OLS)http://semarc/number/305755 996 $6245$aSanti in camicia nera :$bil Medioevo francescano nella propaganda fascista$9(OLS)http://semarc/title/459402 996 $6264$aMilano :$bBiblioteca francescana$9(OLS)http://semarc/publisher/37888